000 00269nam a22001217a 4500
008 170502b xxu||||| |||| 00| 0 eng d
041 _aeng
080 _a34
100 _a13
101 _aSHJ
245 _a APRIMER AMERICAN LABOR LAW
_cGOULD.W.B
942 _2udc
_cBK
999 _c12412
_d12412